000 00806cab a2200241 4500
001 WB3120-28
008 090401t1995 xxu||||| |||| 00| 0 eng d
035 _a(Sirsi) u74941
041 _aeng
245 _aSpecific performance
260 _c1995
350 _a0
490 _aEstates Gazette Case Summaries
_v1995 EGCS 83 (20/5/95)
520 _a"Wycombe DC v Williams" QBD 5 May 1995. Application for specific performance allowed as s52 of the Town and Country Planning Act 1971 had not been complied with.
650 _aCONDITIONAL PLANNING PERMISSION
650 _aDEMOLITION
650 _aREPLACEMENT DWELLING
650 _aSPECIFIC PERFORMANCE
650 _aTOWN AND COUNTRY PLANNING ACT 1971 S52
690 _aPLANNING LAW AND PRACTICE-CASE LAW
942 _n0
948 _c04/03/1997
999 _c47214
_d47214